01932nam a22003257a 4500952011200000952011300112952011200225952011200337952010000449999001700549008004100566020001800607050002000625100003500645245005800680250001900738260008200757300003000839500009600869504003500965505038401000519004501384650002401429700002901453700002401482700003301506700002901539700003101568942000701599 00102lcc4070a11b11d2013-11-21l8oHM251 P8 2006p11 010418r2019-12-18s2019-12-17t1w2013-11-21yLB 00102lcc4070a11b11d2013-11-21l12oHM251 P8 2006p11 010419r2020-03-02s2020-03-02t2w2013-11-21yLB 00102lcc4070a11b11d2013-11-21l7oHM251 P8 2006p11 010420r2019-08-14s2019-08-14t3w2013-11-21yLB 00102lcc4070a11b11d2013-11-28l4oHM251 P8 2006p11 010445r2025-04-23s2025-04-22t4w2013-11-28yLB 00102lcc4070a11b11d2015-09-14l0oHM251 P8 2006p11 012706r2015-09-14t5w2015-09-14yLB c91289d91289131121t2006 mx a|||| |||| 00| 0 spa d a9789682475702 aHM251 bP8 2006 aSalazar, José Migueleautor  aPsicología socialc/ José Miguel, Salazar. et al. a3a. edición  aMéxicob: Trillas: Asociación Venezolana de Psicología Social c, 2006 a427 páginas b: tablas  aIncluye: Índice de contenido, Prólogo (pp. 5 - 6), Índice analítico (pp. 422 - 427) aBibliografía (pp. 396 - 421) aLa psicología social: una panorámica general La comunicación Percepción social Valores y motivaciones sociales Actitudes y conducta Formación y cambio de actitudes El pequeño grupo Normas roles y posiciones sociales La personalidad básica La clase social: sus derivaciones psicosociales La desviación social La psicología social aplicada  aMaterial Complementario / d(11 010418)  0aPSICOLOGÍA SOCIAL aMontero, Maritzaeautor  aMuñoz C., Carlos  aSánchez, Euclides eautor  aSantoro, Eduardoeautor  aVillegas, Julio F.eautor  cLB